|
|
|
|
| LEADER |
02217nam a2200409 4500 |
| 001 |
ocn647545116 |
| 003 |
OCoLC |
| 005 |
20180501121927.0 |
| 006 |
m o d |
| 007 |
cr cn||||||||| |
| 008 |
750720s2005 enka ob 001 0 eng d |
| 040 |
|
|
|a E7B
|b eng
|e pn
|c E7B
|d OCLCQ
|d UBY
|d OCLCQ
|d OPELS
|d OCLCQ
|d OCLCF
|d OCLCQ
|d DEBBG
|d GrThAP
|
| 019 |
|
|
|a 505116109
|
| 020 |
|
|
|a 0120059428
|q (electronic bk.)
|
| 020 |
|
|
|a 9780120059423
|q (electronic bk.)
|
| 035 |
|
|
|a (OCoLC)647545116
|z (OCoLC)505116109
|
| 050 |
|
4 |
|a SB601
|b .I63 2005eb
|
| 082 |
0 |
4 |
|a 571.9/2
|2 23
|
| 049 |
|
|
|a TEFA
|
| 245 |
0 |
0 |
|a Incorporating advances in plant pathology /
|c series editor, J.A. Callow.
|
| 260 |
|
|
|a London ;
|a New York :
|b Academic Press,
|c 2005.
|
| 300 |
|
|
|a 1 online resource (xix, 189 pages) :
|b illustrations.
|
| 336 |
|
|
|a text
|b txt
|2 rdacontent
|
| 337 |
|
|
|a computer
|b c
|2 rdamedia
|
| 338 |
|
|
|a online resource
|b cr
|2 rdacarrier
|
| 490 |
0 |
|
|a Advances in botanical research ;
|v v. 42
|
| 504 |
|
|
|a Includes bibliographical references and index.
|
| 588 |
0 |
|
|a Print version record.
|
| 520 |
|
|
|a Edited by J.A. Callow and supported by an international Editorial Board, Advances in Botanical Research publishes in-depth and up-to-date reviews on a wide range of topics in plant sciences. Currently in its 42nd volume, the series features a wide range of reviews by recognized experts on all aspects of plant pathology, physiology and ecology. This eclectic volume features five reviews on cutting-edge topics of interest to incorporate advances in plant pathology. * Includes most advanced reviews by distinguished researchers * Covers topics such as the impact of molecular data in fungal systematics and chloroplast control of nuclear gene expression.
|
| 650 |
|
0 |
|a Plant diseases.
|
| 650 |
|
0 |
|a Botany
|x Research.
|
| 650 |
|
7 |
|a Botany
|x Research.
|2 fast
|0 (OCoLC)fst00836924
|
| 650 |
|
7 |
|a Plant diseases.
|2 fast
|0 (OCoLC)fst01065378
|
| 655 |
|
4 |
|a Electronic books.
|
| 700 |
1 |
|
|a Callow, J. A.
|
| 776 |
0 |
8 |
|i Print version:
|t Incorporating advances in plant pathology.
|d London ; New York : Academic Press, 2005
|w (DLC) 62021144
|
| 856 |
4 |
0 |
|u https://www.sciencedirect.com/science/bookseries/00652296/42
|z Full Text via HEAL-Link
|